NFL Second Team All Pro Wide Receivers - Statistics

General Stats
  • This quiz has been taken 222 times
    48 since last reset
  • The average score is 78 of 124
Answer Stats
Year Team Wide Receiver % Correct
2025 Lions Amon-Ra St. Brown
100%
2024 Eagles A. J. Brown
98%
2023 Eagles A. J. Brown
98%
2022 Eagles A. J. Brown
98%
2024 Cowboys CeeDee Lamb
98%
2022 Cowboys CeeDee Lamb
98%
2025 Cowboys George Pickens
98%
1996 Bengals Carl Pickens
95%
1995 Bengals Carl Pickens
95%
2021 Vikings Justin Jefferson
95%
2020 Vikings Justin Jefferson
95%
2023 Buccaneers Mike Evans
95%
2016 Buccaneers Mike Evans
95%
2022 Bills Stefon Diggs
95%
2012 Texans Andre Johnson
93%
2006 Texans Andre Johnson
93%
2013 Steelers Antonio Brown
93%
1988 Bengals Eddie Brown
93%
2021 Bengals Ja'Marr Chase
93%
1978 Chargers John Jefferson
93%
2023 Rams Puka Nacua
93%
1997 Raiders Tim Brown
93%
2018 Chiefs Tyreek Hill
93%
2010 Lions Calvin Johnson
91%
2003 Bengals Chad Johnson
91%
1999 Jaguars Jimmy Smith
91%
1998 Jaguars Jimmy Smith
91%
1987 Cardinals J. T. Smith
91%
2019 Falcons Julio Jones
91%
2018 Falcons Julio Jones
91%
2017 Falcons Julio Jones
91%
2011 Cardinals Larry Fitzgerald
91%
2009 Cardinals Larry Fitzgerald
91%
2001 Broncos Rod Smith
91%
2000 Broncos Rod Smith
91%
2008 Panthers Steve Smith
91%
2025 Saints Chris Olave
88%
2013 Bengals A. J. Green
86%
2012 Bengals A. J. Green
86%
2020 Seahawks DK Metcalf
86%
2005 Colts Marvin Harrison
86%
2004 Colts Marvin Harrison
86%
2003 Colts Marvin Harrison
86%
2001 Colts Marvin Harrison
86%
2000 Colts Marvin Harrison
86%
2016 Giants Odell Beckham Jr.
86%
2015 Giants Odell Beckham Jr.
86%
2023 49ers Brandon Aiyuk
84%
2020 Cardinals DeAndre Hopkins
84%
2015 Texans DeAndre Hopkins
84%
2024 Commanders Terry McLaurin
84%
2014 Packers Jordy Nelson
81%
2019 Buccaneers Chris Godwin
79%
2014 Broncos Demaryius Thomas
77%
2013 Broncos Demaryius Thomas
77%
2005 Redskins Santana Moss
77%
2004 Steelers Hines Ward
74%
2003 Steelers Hines Ward
74%
2002 Steelers Hines Ward
74%
2009 Colts Reggie Wayne
74%
2007 Colts Reggie Wayne
74%
2008 Patriots Wes Welker
72%
2007 Patriots Wes Welker
72%
2015 Jets Brandon Marshall
70%
1999 Rams Isaac Bruce
70%
1990 Bills Andre Reed
67%
1989 Bills Andre Reed
67%
1993 Cowboys Michael Irvin
67%
1992 Cowboys Michael Irvin
67%
2006 Rams Torry Holt
67%
2017 Vikings Adam Thielen
65%
2011 Giants Victor Cruz
65%
2020 Falcons Calvin Ridley
63%
2002 Raiders Jerry Rice
63%
1987 Seahawks Steve Largent
63%
1984 Seahawks Steve Largent
63%
1979 Seahawks Steve Largent
63%
1978 Seahawks Steve Largent
63%
1995 Vikings Cris Carter
60%
1985 Redskins Art Monk
53%
2020 Bills Cole Beasley
47%
2010 Chiefs Dwayne Bowe
44%
1977 Steelers Lynn Swann
44%
1975 Steelers Lynn Swann
44%
1997 Chiefs Andre Rison
42%
1993 Falcons Andre Rison
42%
1992 Falcons Andre Rison
42%
1991 Falcons Andre Rison
42%
1979 Eagles Harold Carmichael
42%
1973 Eagles Harold Carmichael
42%
1984 Dolphins Mark Clayton
42%
2010 Broncos Brandon Lloyd
37%
1972 Eagles Harold Jackson
35%
1983 Bengals Cris Collinsworth
30%
1982 Bengals Cris Collinsworth
30%
1981 Bengals Cris Collinsworth
30%
1998 Broncos Ed McCaffrey
30%
2002 Bills Eric Moulds
28%
1998 Bills Eric Moulds
28%
2007 Browns Braylon Edwards
26%
1974 Redskins Charley Taylor
26%
1983 Packers James Lofton
26%
1982 Packers James Lofton
26%
1980 Packers James Lofton
26%
1991 Redskins Gary Clark
21%
1986 Redskins Gary Clark
21%
1986 Patriots Stanley Morgan
21%
1980 Patriots Stanley Morgan
21%
1988 Jets Al Toon
19%
1990 Oilers Ernest Givins
19%
1994 Dolphins Irving Fryar
16%
1972 Dolphins Paul Warfield
14%
1976 Bengals Isaac Curtis
12%
1975 Bengals Isaac Curtis
12%
1974 Bengals Isaac Curtis
12%
1985 Steelers Louis Lipps
12%
1981 Broncos Steve Watson
12%
1997 Steelers Yancey Thigpen
12%
1994 Falcons Terance Mathis
9%
1996 Chargers Tony Martin
9%
1989 Browns Webster Slaughter
9%
1977 Oilers Ken Burrough
7%
1976 Colts Roger Carr
7%
1973 Vikings John Gilliam
5%
No matching quizzes found
Score Distribution
Percent of People with Each Score
Percentile by Number Answered
Your Score History
You have not taken this quiz since the last reset